Harry Potter - auf wen/was trifft das nicht zu ? - Statistiken

Allgemein
  • Dieses Quiz wurde 265 mal gespielt
  • Das Durchschnittsergebnis liegt bei 7 aus 10
Antwortstatistiken
Frage Antwort % Korrekt
Wer war nie in einem Quidditchteam ? Hermine Granger
92%
Wer oder was ist kein Horkrux von Voldemort ? Der Stein der Auferstehung
89%
Wer war nicht Mitglied in Dumbledores Armee ? Cedric Diggory
87%
Wer war nie Lehrer/in für Verteidigung gegen die dunklen Künste in Hogwarts ? Horace Slughorn
77%
Wer ist kein Gryffindor ? Justin Finch-Fletchley
67%
Wer ist nicht in Harrys Jahrgang in Hogwarts ? Katie Bell
64%
Wer ist kein Animagus ? Remus Lupin
64%
Wer starb nicht bei der Schlacht von Hogwarts ? Hannah Abbott
63%
Wer kommt nicht im dritten Film vor ? Dobby
62%
Wer war kein Mitglied des Orden des Phönix ? Filius Flitwick
43%
Keine übereinstimmenden Quizze gefunden
Verteilung der Resultate
Anzahl Personen mit jedem Resultat
Perzentil nach korrekt beantworteten Fragen
Ihre Resultats-Entwicklung
Sie haben dieses Quiz noch nicht gespielt